COLLEGE ALGEBRA (Record no. 59268)
[ view plain ]
| 000 -LEADER | |
|---|---|
| fixed length control field | 00316nam a22001457a 4500 |
| 008 - FIXED-LENGTH DATA ELEMENTS--GENERAL INFORMATION | |
| fixed length control field | 230124b ||||| |||| 00| 0 eng d |
| 020 ## - INTERNATIONAL STANDARD BOOK NUMBER | |
| International Standard Book Number | 9781305117860 |
| 041 ## - LANGUAGE CODE | |
| Language code of text/sound track or separate title | eng |
| 080 ## - UNIVERSAL DECIMAL CLASSIFICATION NUMBER | |
| Edition identifier | 7 EDITION |
| Universal Decimal Classification number | 51 |
| 082 ## - DEWEY DECIMAL CLASSIFICATION NUMBER | |
| Classification number | 51LAR |
| 100 ## - Rafti | |
| Rafti | 22 |
| 101 ## - Shkurtesa | |
| Shkurtesa | MATE |
| 245 ## - TITLE STATEMENT | |
| Title | COLLEGE ALGEBRA |
| Statement of responsibility, etc | LARSON R |
| 942 ## - ADDED ENTRY ELEMENTS (KOHA) | |
| Source of classification or shelving scheme | |
| Item type | Books |
| Withdrawn status | Lost status | Source of classification or shelving scheme | Damaged status | Not for loan | Collection code | Permanent location | Current location | Date acquired | Total Checkouts | Full call number | Barcode | Date last seen | Price effective from | Koha item type |
|---|---|---|---|---|---|---|---|---|---|---|---|---|---|---|
| Koleksioni i përgjithshem | UBT - Lipjan | UBT - Lipjan | 01/24/2023 | 51LAR | 003-48 | 01/24/2023 | 01/24/2023 | Books | ||||||
| Koleksioni i përgjithshem | UBT - Lipjan | UBT - Lipjan | 01/24/2023 | 51LAR | 003-49 | 01/24/2023 | 01/24/2023 | Books | ||||||
| Koleksioni i përgjithshem | UBT - Lipjan | UBT - Lipjan | 06/14/2023 | 51LAR | 002-800080579 | 06/14/2023 | 06/14/2023 | Books | ||||||
| Koleksioni i lëndeve mesimore | UBT - Gjilan | UBT - Lipjan | 06/14/2023 | 51LAR | 002-800080586 | 06/14/2023 | 06/14/2023 | Books | ||||||
| Koleksioni i përgjithshem | UBT - Lipjan | UBT - Lipjan | 07/17/2023 | 51LAR | 002-800080826 | 07/17/2023 | 07/17/2023 | Books |